Los caminos de la interpretación en el Medioevo y el Renacimiento.
En este libro Mauricio Beuchot estudia las técnicas más destacadas de interpretación textual empleadas durante la Edad Media y el Renacimiento: desde el uso de Joaquín de Fiore y Hugo de San Víctor de la alegoría para leer la Biblia, hasta la interpretación pretendidamente literal practicada por Ped...
Spremljeno u:
| Glavni autor: | |
|---|---|
| Format: | Knjiga |
| Jezik: | engleski |
| Izdano: |
México, D.F., México:
Universidad Nacional Autónoma de México,
2015.
|
| Izdanje: | Primera edición. |
| Serija: | Cuadernos del Seminario de Hermenéutica (Instituto de Investigaciones Filológicas),
15. |
| Teme: | |
| Oznake: |
Dodaj oznaku
Bez oznaka, Budi prvi tko označuje ovaj zapis!
|
MARC
| LEADER | 00000nam a22000007a 4500 | ||
|---|---|---|---|
| 003 | CL-VaPUC | ||
| 005 | 20220822114445.0 | ||
| 008 | 220330t2015 ||||| |||| 00| 0 eng d | ||
| 999 | |c 435199 |d 435197 | ||
| 020 | |a 978-607-02-6703-1 | ||
| 040 | |c Pontificia Universidad Católica de Valparaíso | ||
| 082 | 7 | |a 121.686 BEU 2015 |2 22 | |
| 100 | |a Beuchot, Mauricio |9 518846 |e autor | ||
| 245 | |a Los caminos de la interpretación en el Medioevo y el Renacimiento. | ||
| 250 | |a Primera edición. | ||
| 260 | |a México, D.F., México: |b Universidad Nacional Autónoma de México, |c 2015. | ||
| 300 | |a 147 páginas. | ||
| 490 | |a Cuadernos del Seminario de Hermenéutica (Instituto de Investigaciones Filológicas), |v 15. | ||
| 500 | |a c.1 Donación Familia Prof. Alejandro Guzmán Brito. | ||
| 520 | |a En este libro Mauricio Beuchot estudia las técnicas más destacadas de interpretación textual empleadas durante la Edad Media y el Renacimiento: desde el uso de Joaquín de Fiore y Hugo de San Víctor de la alegoría para leer la Biblia, hasta la interpretación pretendidamente literal practicada por Pedro Abelardo. También se comenta la mediación que, entre esos dos extremos, lograron santo Tomás de Aquino, Roberto Grosseteste y Walter Burley. Asimismo, se aborda la interpretación simbólica y mística de los escritos sagrados propuesta por el Maestro Eckhart. Y, después, la moral basada en la proporción, concebida por san Antonino de Florencia, para luego arribar a la hermenéutica renacentista y a los modos de interpretar que siguieron Leonardo da Vinci, fray Luis de León y Robert Burton (médico-filósofo que exploró los laberintos de la melancolía). Finalmente, el autor comenta los trabajos señeros de Marsilio Ficino, Erasmo de Rotterdam y Luis Vives. Este recorrido erudito y, al mismo tiempo, didáctico y crítico, logra demostrar el papel de paradigmas o modelos desempeñado por todos estos pensadores para la historia de la hermenéutica y de la filosofía occidental. | ||
| 583 | |c 20220330 |k Yessy Stephany Diaz Vidal | ||
| 650 | |a Hermenéutica |x Edad media |9 869972 | ||
| 942 | |2 ddc |c BK |n 0 | ||
| 952 | |0 0 |1 0 |2 ddc |4 0 |6 121_686000000000000_BEU_2015 |7 1 |8 C_AGB |9 582247 |a BIBDER |b BIBDER |d 2022-03-30 |e Donación |i 5650490 |o 121.686 BEU 2015 |p 5650490 |r 2023-01-25 |t 1 |w 2022-03-30 |y BK_US |k AGB | ||